|
|
|
|
| LEADER |
06145nam a22004573i 4500 |
| 001 |
EBC7069469 |
| 003 |
MiAaPQ |
| 005 |
20231204023226.0 |
| 006 |
m o d | |
| 007 |
cr cnu|||||||| |
| 008 |
231204s2022 xx o ||||0 eng d |
| 020 |
|
|
|a 9781000647839
|q (electronic bk.)
|
| 020 |
|
|
|z 9780367555818
|
| 035 |
|
|
|a (MiAaPQ)EBC7069469
|
| 035 |
|
|
|a (Au-PeEL)EBL7069469
|
| 035 |
|
|
|a (OCoLC)1338836687
|
| 040 |
|
|
|a MiAaPQ
|b eng
|e rda
|e pn
|c MiAaPQ
|d MiAaPQ
|
| 082 |
0 |
|
|a 418/.020285
|
| 100 |
1 |
|
|a Luke Hadley, James.
|
| 245 |
1 |
0 |
|a Using Technologies for Creative-Text Translation.
|
| 250 |
|
|
|a 1st ed.
|
| 264 |
|
1 |
|a Milton :
|b Taylor & Francis Group,
|c 2022.
|
| 264 |
|
4 |
|c ©2023.
|
| 300 |
|
|
|a 1 online resource (219 pages)
|
| 336 |
|
|
|a text
|b txt
|2 rdacontent
|
| 337 |
|
|
|a computer
|b c
|2 rdamedia
|
| 338 |
|
|
|a online resource
|b cr
|2 rdacarrier
|
| 490 |
1 |
|
|a Routledge Advances in Translation and Interpreting Studies
|
| 505 |
0 |
|
|a Cover -- Endorsement -- Half Title -- Series Information -- Title Page -- Copyright Page -- Table of Contents -- Contributors -- Introduction -- How to Solve the Problem of Translation -- Re-evaluating Priorities -- Literature and Other Creative Texts -- Broadening the Field -- Crafting a Snapshot -- The Missing Chapters -- References -- 1 Collecting Literary Translators' Narratives: Towards a New Paradigm for Technological Innovation in Literary Translation -- Introduction -- Literary Translators' Self-Imaging Strategies -- Literary Translation and Technology -- The SCOT Framework -- Methodology -- Results and Analysis -- Respondents' Profile -- Confidence With Technology -- Technology Use -- Appealing Aspects of Technology -- Unappealing Aspects of Technology -- Attitudes Towards Technology -- Discussion and Conclusion -- References -- 2 Dutch Literary Translators' Use and Perceived Usefulness of Technology: The Role of Awareness and Attitude -- Introduction -- Related Research -- Technology Use and Acceptance -- Translation Technology Use and Acceptance -- Translation Technology and Literary Translation -- Method -- Survey -- Respondents -- Analysis -- Results -- Awareness -- Use -- Perceived Usefulness of Translation Technology -- Limitations and Future Perspectives -- Conclusion and Discussion -- Acknowledgements -- Note -- References -- 3 Human-computer Interaction in Pun Translation -- Introduction -- Background -- Experiment -- PunCAT -- Source Data -- Experimental Setup -- Analysis and Discussion -- Group A -- Group B -- User Satisfaction, Translation Strategies, and Translation Quality -- Conclusion -- Acknowledgements -- Note -- References -- 4 Bilingual E-Books Via Neural Machine Translation and Their Reception -- Introduction -- Bilingual Books in Language Learning -- Methodology -- Description of Engine and Translation Process.
|
| 505 |
8 |
|
|a Description and Selection of the Text -- Description of the E-Book Creation Process -- Obtaining the Source Text -- Conversion of the Source Text to DocBook -- Creation of the Bilingual DocBook -- Creation of the Bilingual E-Book in the Final Format: EPUB and HTML -- Description of the Survey -- Participants -- Limitations of the Survey -- Results -- NMT Evaluation Results -- Reception: Survey Responses -- Reading Experience -- Comprehension -- Reading Patterns -- Self-reported English Level -- Additional Data -- Conclusions and Future Work -- Notes -- References -- 5 Catching the Meaning of Words: Can Google Translate Convey Metaphor? -- Introduction -- Methodology -- Types of Metaphor -- Translation Procedures -- Findings -- Lexical Metaphors -- Multi-word Metaphors -- Extended Metaphors -- Idiomatic Expressions -- Dead Metaphors -- Translation Procedures -- Conclusions -- Notes -- References -- 6 Pragmatic and Cognitive Elements in Literary Machine Translation: An Assessment of an Excerpt From J. Polzin's Brood … -- Introduction -- Creativity, Language, Translation, and the Machine -- Pragmatics, Cognition, and Literary (Machine) Translation -- The Source Text -- The Outputs -- Conclusions -- Notes -- References -- 7 The "Oxen of the Sun" Hypertext: A Digital Hypertext in the Study of Polyphonic Translations of James Joyce's Ulysses -- Introduction -- Neither a Borrower, Nor a Lender Be: The Borrowed Styles of the "Oxen" -- Pastiche, Dialogue, and Translation: Imitating an Imitation -- Signals of Pastiche: Elements Fulfilling the Pastiche Contract in the Hypertext -- Imitating the Imitation in the Finnish and Swedish (Re)translations of the "Oxen of the Sun" -- Conclusions: The Use of the OSH in the Analysis of the Finnish and Swedish "Oxen" (Re)translations -- Notes -- References.
|
| 505 |
8 |
|
|a 8 Translating With Technology: How Digitalisation Affects Authorship and Copyright of Literary Texts -- Introduction -- Translation and Copyright -- The Legal Status of Translation in the Berne Convention -- Challenges of Translation in Relation to Current Copyright Systems -- Translation Technology and Its Effects -- Translation Memories and Machine Translation Systems -- Translation Corpora -- Machine Translation and Literary Texts -- The Effect of Technologisation On Authorship -- Authorship vs. Ownership From an Ethical Perspective -- Machine-assisted Literary Translation and Multiple Translatorship -- Discussion and Concluding Remarks -- Notes -- References -- Index.
|
| 588 |
|
|
|a Description based on publisher supplied metadata and other sources.
|
| 590 |
|
|
|a Electronic reproduction. Ann Arbor, Michigan : ProQuest Ebook Central, 2023. Available via World Wide Web. Access may be limited to ProQuest Ebook Central affiliated libraries.
|
| 655 |
|
4 |
|a Electronic books.
|
| 700 |
1 |
|
|a Taivalkoski-Shilov, Kristiina.
|
| 700 |
1 |
|
|a S. C. Teixeira, Carlos.
|
| 700 |
1 |
|
|a Toral, Antonio.
|
| 776 |
0 |
8 |
|i Print version:
|a Luke Hadley, James
|t Using Technologies for Creative-Text Translation
|d Milton : Taylor & Francis Group,c2022
|z 9780367555818
|
| 797 |
2 |
|
|a ProQuest (Firm)
|
| 830 |
|
0 |
|a Routledge Advances in Translation and Interpreting Studies
|
| 856 |
4 |
0 |
|u https://ebookcentral.proquest.com/lib/matrademy/detail.action?docID=7069469
|z Click to View
|